Statistics for April 6th: Birthdays

Click here to take the quiz!

General Stats

  • This quiz has been taken 9 times
  • The average score is 2 of 8

Answer Stats

YearClueAnswer% Correct
1928Discovered Structure of DNAJames Watson
67%
1969Actor in CluelessPaul Rudd
56%
1892Made Douglas DC-3Donald Douglas
33%
1975Actor in Dr. John Dorian-ScrubsZach Braff
33%
1483The School of Athens is a fresco by himRaphael
22%
1926First Minister of Northern IrelandIan Paisley
11%
1937Sang Mama TriedMerle Haggard
11%
1937Actor in ChiefsBilly Williams
0%

Score Distribution

Percentile by Number Answered

Percent of People with Each Score

Your Score History

You have not taken this quiz